000
00327nam a2200133Ia 4500
008
151213s9999 xx 000 0 und d
020
_a
984-643-065-0
245
_a
Guinness World Record 2011
260
_a
UK
_b
The Jim Pattison Group
_c
2010
300
_a
11802 p.
650
_a
Reference
650
_a
Reference
999
_c
5045
_d
5045